CONTEMPORARY INDIA AND EDUCATION (Record no. 34615)

MARC details
000 -LEADER
fixed length control field 00299nam a22001337a 4500
003 - CONTROL NUMBER IDENTIFIER
control field SGT
082 ## - DEWEY DECIMAL CLASSIFICATION NUMBER
Classification number 370.954,SHA
100 ## - MAIN ENTRY--PERSONAL NAME
Personal name SHARMA,RAJANI
245 ## - TITLE STATEMENT
Title CONTEMPORARY INDIA AND EDUCATION
260 ## - PUBLICATION, DISTRIBUTION, ETC. (IMPRINT)
Place of publication, distribution, etc SHIKSHA PRAKASHAN PUB.
Year of Publication 2016
300 ## - PAGE DESCRIPTION
No. of Pages 200
650 ## - SUBJECT ADDED ENTRY--TOPICAL TERM
Topical term or geographic name as entry element EDUCATION
942 ## - ADDED ENTRY ELEMENTS (KOHA)
Source of classification or shelving scheme Dewey Decimal Classification
Koha item type Gifted Books
Holdings
Withdrawn status Lost status Source of classification or shelving scheme Damaged status Not for loan Collection code Home library Current library Shelving location Date acquired Vendor Name Cost, normal purchase price SGTU Total Checkouts Full call number Accession No. (Barcode) Date last seen Bill Date Koha item type
    Dewey Decimal Classification     EDUCATION SGT Engineering Library SGT Engineering Library Text Book 10/04/2026 GIFTED 165.00 SGTU   370.954,SHA ED5631 10/04/2026 10/04/2026 Gifted Books
    Dewey Decimal Classification     EDUCATION SGT Engineering Library SGT Engineering Library Text Book 10/04/2026 GIFTED 165.00 SGTU   370.954,SHA ED5632 10/04/2026 10/04/2026 Gifted Books